[Event "Ambes op 1st"]
[Site "Ambes"]
[Date "2007.04.14"]
[Round "10"]
[White "Courtine, Thomas"]
[Black "Le Hetet, Jacques"]
[Result "1-0"]
[WhiteElo "1840"]
[BlackElo "1550"]
[PlyCount "120"]
[EventDate "2007.04.07"]
[EventType "swiss"]
[EventRounds "11"]
[EventCountry "FRA"]
[SourceTitle "CBM 117 Extra"]
[Source "ChessBase"]
[SourceDate "2007.05.09"]
[SourceVersion "1"]
[SourceVersionDate "2007.05.09"]
[SourceQuality "1"]

1. e4 e6 2. d4 d5 3. e5 c5 4. dxc5 Bxc5 5. Qg4 Ne7 6. Qxg7 Ng6 7. Nc3 a6 8. Be2 Nd7 9. Qh6 Ndxe5 10. Nf3 Nxf3+ 11. Bxf3 Bf8 12. Qh5 Qc7 13. 0-0 Qe5 14. Qh3 Bd6 15. Bd2 Qf6 16. Rfe1 0-0 17. Bh6 Rd8 18. a3 Qh4 19. Qxh4 Nxh4 20. Bg4 Kh8 21. Bg5 Rg8 22. Bf6+ Rg7 23. Bxg7+ Kxg7 24. Rad1 b5 25. Ne2 Bb7 26. Nd4 Rc8 27. c3 Rg8 28. Nf3 Nxf3+ 29. Bxf3 Kf6 30. g3 Rg5 31. Bg2 Bc5 32. Kf1 a5 33. Rd2 Ba6 34. Kg1 Re5 35. Rxe5 Kxe5 36. Bf3 h6 37. Kg2 b4 38. Be2 bxc3 39. bxc3 Bb7 40. f3 Bc6 41. a4 d4 42. cxd4+ Bxd4 43. Bb5 Bd5 44. Rc2 Kd6 45. Rc8 f5 46. Bc4 Bc5 47. Bxd5 exd5 48. Rh8 Be3 49. f4 Kc5 50. Rxh6 Kb4 51. Rd6 Kc5 52. Rd8 d4 53. h4 Kc4 54. Kf3 Bc1 55. h5 Bb2 56. h6 d3 57. h7 Bf6 58. h8Q Bxh8 59. Rxh8 d2 60. Ke2 Kb4 1-0